000 00778nam a2200217 a 4500
001 000010291
005 20240412074216.0
008 091006s2005 dr r 001 p spa d
040 _aDO-SdBNP
_bspa
_cBNPHU
082 _aRD861.44
_bH565g
100 1 _aHerrera, María Cristina
_925305
245 1 0 _aGemas del alma :
_bpoesía /
_cMaría Cristina Herrera; prólogo Marino Lebrón Saviñón.
260 _aSanto Domingo :
_bBúho,
_c2005.
300 _a46 p. ; :
_b22 cm.
500 _aIncluye datos biográficos de la autora en la solapa de la cubierta
590 _aInventariado, 2018/BT
650 0 _aPoesía dominicana
_966
650 0 _aLiteratura dominicana.
_967
700 1 _aLebrón Saviñón, Marino,
_epról.
_925306
910 _aValidado. Control de calidad. MMOLINA
999 _c10050
_d10050